Statystyki dla Czy potrafisz odgadnąć te miasta? #6

Kliknij tutaj aby rozwiązać quiz!

Ogólne statystyki

  • Ten quiz został rozwiązany 42 razy
  • Średni wynik to 9 z 20

Statystyki odpowiedzi

PodpowiedźMiasto% Poprawnych
Miasto znane z karnawału. Jego nazwa w tłumaczeniu na polski oznacza Rzeka StyczniowaRio de Janeiro
76%
Miasto z którego pochodzą The BeatlesLiverpool
68%
Miasto leżące u podnóża góry Sierra de Guadarrama oraz nad rzeką ManzanaresMadryt
68%
Gospodarz finału piłkarskiej Ligi Europy w 2021 roku. Symboliczne miejsce wybuchu II Wojny ŚwiatowejGdańsk
65%
Drugie największe miasto EgiptuAleksandria
59%
Miejsce zabójstwa arcyksięcia Franciszka FerdynandaSarajewo
57%
Gospodarz letnich Igrzysk Olimpijskich w 2000 rokuSydney
54%
Miasto znane z największej katedry na świecie. W XVII wieku największe miasto HiszpaniiSewilla
51%
Miasto leżące nad rzeką Kongo. Tworzy z Kinszasą jedyny przykład stolic na świecie, które leżą po dwóch przeciwnych stronach tej samej rzekiBrazzaville
43%
Nazwa miasta pochodzi od greckiego słowa - philos oznaczającego miłośćFiladelfia
43%
Czwarta najludniejsza metropolia świata (po Tokio, Seulu oraz Dżakarcie)Meksyk
43%
Stolica stanu KaliforniaSacramento
41%
Jedyna jednostka administracyjna konurbacji przekraczająca 100 milionów mieszkańców, Znajduje się nad Rzeką PerłowąKanton
38%
Miasto znane z dwóch wielkich wież Petronas. W tłumaczeniu na polski nazwa miasta oznacza "Błotniste Ujście"Kuala Lumpur
35%
Najczęsciej odwiedzane miasto przez turystów na świecie w 2018 rokuBangkok
30%
Miasto znane z najstarszego prywatnego uniwersytetu na świecie - Universidad AustralBuenos Aires
24%
Miasto królewskie Wielkiego Księstwa Litewskiego I RzeczypospolitejMińsk
24%
W tym mieście znajdującym się nad rzeką Łabą znajduje się fabryka VolkswagenaDrezno
22%
Miasto założone przez poszukiwaczy złota w zagłębiu WitwatersrandJohannesburg
14%
Miasto słynące z obchodów Semana Santa, czyli Wielkiego TygodniaGwatemala
3%

Rozkład punktacji

Percentyl według liczby udzielonych odpowiedzi

Procent ludzi z każdym wynikiem

Twoja historia wyników

Nie rozwiązałeś tego quizu